000 00782nam a2200241Ia 4500
003 OSt
005 20251215103624.0
008 210716s2017 xx 000 0 und d
020 _a9781786469847
040 _cAIMIT LIBRARY
041 _aeng
082 _a005.763
_bGARM
100 _aGarcia, Miguel Angel.
_9249079
245 _aQlikView for developers:
_bdesign and build scalable and maintainable qlikView solutions /
_cBy Miguel Angel Garcia and BarryHarmsen.
250 _a1st ed.
260 _aMumbai :
_bPackt Publishing Ltd ,
_c2017.
300 _axx,512 p.;
_bPB
_c24.5 cm.
650 _aSeeing is believing
_9249080
650 _aData sources
_9249081
650 _aData modeling
_9249082
650 _aBuilding dashboards
_9249083
942 _2ddc
_cBK
_k005.763 GARM
999 _c196728
_d196728